| 000 | 00368nam a22001457a 4500 | ||
|---|---|---|---|
| 020 | _qPB. | ||
| 040 | _cFIZZA ISHAQ | ||
| 082 |
_a690 _bHUG |
||
| 100 |
_aHENS,L.S.HUGO. _9111477 |
||
| 245 |
_aPerformance Based Building Design to from Timber Framed / _cHUGO S.L.HENS. |
||
| 250 | _a1st ed. | ||
| 260 |
_bErnst & Sohn _c2012. |
||
| 300 | _a275 p. ; | ||
| 942 |
_2ddc _cBK |
||
| 999 |
_c594346 _d594346 |
||